000 00436nam a2200181Ia 4500
001 22684
005 20260414150847.0
008 260414t2001||||xx |||||||||||||| ||spa||
041 _aESP
082 _a621.384
_bS746
100 _aSkolnik, Merrill I.
_eAUT
245 0 _aIntroduction to radar systems
_b
260 _c2001
300 _axii, 772 páginas :
_c24 cm.
650 _aTCA
654 _aCET
942 _cLIB
_dJUS
_fJUS
_2ddc
_n
999 _c22684
_d22684